| 000 | 02000nam a2200253 a 4500 | ||
|---|---|---|---|
| 001 | BRCA_8765 | ||
| 005 | 20190320210411.0 | ||
| 008 | 290317s1721----sp-#######---#000-0#spa-# | ||
| 041 | _aspa | ||
| 044 | _asp | ||
| 084 |
_aBE126 _b.S47 1721 |
||
| 100 | 1 |
_aSerrate, Francisco de San Nicolas _921827 |
|
| 245 | 1 | 0 |
_aCeremonial de la misa, y oficio divino segvn el orden de la santa iglesia romana, sus vltimas disposiciones, rubricas, y decretos _blos indvltos de el missal, y brevario novissimo Franciscano: y las costumbres loables de la Santa Provincia de San Diego, en Andalvcia, de religiosos menores descalzos de nuestro seráfico padre San Francisco ofrecelo rendidamente a la misa Santa Providencia _csv avthor el minimo de sus hijos Fr. Francisco de San Nicolas Serrate, lector de theologia, y difinidor actual. |
| 260 |
_aSevilla _ben el Convento de S. Diego _c1721 |
||
| 300 |
_a[30], [16], 399 p. _c19.4 x 15 cm. |
||
| 500 | _aCon licencia | ||
| 500 | _aEstado físico: presenta encuadernación en pergamino, con cintas rotas y anotaciones en su interior | ||
| 500 | _aCon marca de fuego: “Procedencia de la marca: Convento de San Francisco de Querétaro(1). Institución: Orden de Frailes Menores. Provincia de San Pedro y San Pablo de Michoacán. Descripción: Tres iniciales separadas: ´C´, ´S´ y ´Q´ en cuya silueta se agregó el resto del texto: C[onvento] S[an Francisco] Q[uerétaro]. Luego el escudo franciscano de las 5 llagas inscrito en un círculo formado del cordón franciscano. Observaciones: Rafael Sala, Carlos Krausse y David Saavedra Vega la catalogan como perteneciente al Convento de San Francisco de Querétaro. Ubicación de la marca en el libro: Canto superior, inferior y fronta” | ||
| 650 | 1 | 4 |
_aIglesia católica _vMissal _921828 |
| 650 | 1 | 4 |
_aFranciscanos _zEspaña _921829 |
| 856 | _ahttp://www.marcasdefuego.buap.mx:8180/xmLibris/projects/firebrand/item.jsp?repository=marcas_de_fuego&key=d6defe3d.xml&num=14 | ||
| 902 | _aCFM | ||
| 942 |
_2lcc _cB |
||
| 999 |
_c8416 _d8416 |
||